| 000 | 01530nabaa22002057a 4500 | ||
|---|---|---|---|
| 999 |
_c6317 _d6317 |
||
| 003 | OSt | ||
| 005 | 20260130194656.0 | ||
| 008 | 190701b xxu||||| |||| 00| 0 spa d | ||
| 040 | _cPJ | ||
| 100 |
_96896 _aBonato, Mauro R. |
||
| 245 | 1 | 3 |
_aLa ejecutoriedad del acto administrativo luego de la llamada Ley de Bases : _b¿regla o excepción? / _cMauro R. Bonato. |
| 300 | _ap. 12-51 | ||
| 500 | _aCita: TR LALEY AR/DOC/2586/2025 | ||
| 505 | _aSumario: I. Introducción.— II. Ejecutoriedad. En búsqueda de un concepto. — III. Distinción con nociones similares.— IV. Fundamento.— V. Carácter esencial del acto o figura legal contingente.— VI. Manifestaciones de la ejecutoriedad del acto administrativo.— VII. Ejecutoriedad en derecho comparado.— VIII. Clases de ejecutoriedad. Ejecutoriedad propia e impropia.— IX. Ejecutoriedad en nuestro derecho positivo: regla y excepción.— X. Ejecutoriedad en los hechos: regla y excepción.— XI. Alcances y trámite.— XII. Medios para llevar adelante la ejecutoriedad del acto.— XIII. Ejecutoriedad y efectos de los recursos administrativos que se interpongan contra el acto administrativo.— XIV. A modo de colofón. | ||
| 505 | _t¿Te interesa el texto completo? Comunicate al correo: koha@justierradelfuego.gov.ar | ||
| 650 | 0 |
_9211 _aDERECHO ADMINISTRATIVO |
|
| 650 | 0 |
_aACTO ADMINISTRATIVO _91171 |
|
| 773 | 0 |
_02842 _93251 _dBuenos Aires : AbeledoPerrot, 2012- _oDA121 _tDerecho administrativo. Nº 162 noviembre/diciembre 2025 _z18510590 |
|
| 942 |
_2udc _cANA |
||